00838 2200217 4500001002100000005001500021035002000036007000300056008003900059082002500098084003100123100003600154245023600190260003700426300004000463650001100503650003200514650002800546650003300574022001300607INLIS00000000000144220250730085029 a0010-0725000034ta250730 | | |  a631.51-632.5( 668.6) a631.51-632.5( 668.6) YAS e0 aYaseen Obaid Noori Ahmed Sharif1 aEvaluation of the Effectiveness of 2.4-D 72% Herbicide in Combating Weedy Leaves Associated with Different Varieties of Forage Sorghum (Sorghum bicolor L.) and Its Effect on Growth Characteristics /cYaseen Obaid Noori Ahmed Sharif aBristol :bIOP Publishing,c2024 a1-7 hlm, :bIlus ;c21 cm x 29,7 cm 4aJurnal 4aEfektivitas Herbisida 2,4-D 4aPengendalian Gulma Daun 4aVarietas Sorgum Pakan Ternak a17551315